| 000 | 00395nam a2200133Ia 4500 | ||
|---|---|---|---|
| 003 | GCL | ||
| 008 | 140319s9999 xx 000 0 ara d | ||
| 040 |
_aGCL / _cGCL |
||
| 082 | 0 | 4 |
_a330.12 _bح ت |
| 245 | 1 | 0 | _aتكوين الهياكل الاقتصادية: نظرة فى التاريخ الاقتصادى |
| 260 |
_a[S.N] : _bمكتبة عين شمس ، _c1985 |
||
| 300 | _a189 ص | ||
| 490 | _a | ||
| 999 |
_c54926 _d54926 |
||